000 00738nam a2200277 i 4500
001 bg
100 1 _aPoślad, Mariusz.
245 0 _aJak czytać prospekt emisyjny /
_cMariusz Poślad.
250 _aWyd. 2 uaktual.
260 _aWarszawa :
_bKomisja Nadzoru Finansowego,
_c2007.
300 _a35 s. :
_bil. kolor. ;
_c21 cm.
490 1 _aPoradnik Inwestora
521 8 _aDo celów edukacyjnych.
650 9 _aEmisja papierów wartościowych
655 _aPoradniki
830 _aPoradnik Inwestora
020 _a9788392481324
040 _cBPK
041 0 _apol
044 _aPOL
080 _a336.763
920 _a978-83-924813-2-4
942 _cKS
008 s pl f |000 0 pol
999 _c49577
_d49577
856 _uhttp://koha.tu.koszalin.pl/cgi-bin/koha/opac-detail.pl?biblionumber=49577
_yKatalog online BPK